Statistics for Greek and Roman Gods

Click here to take the quiz!

General Stats

  • This quiz has been taken 1,693 times
    (1,286 since last reset)
  • The average score is 10 of 13

Answer Stats

Hint Answer % Correct
ZeusJupiter
96%
PosideionNeptune
94%
AresMars
94%
AphroditeVenus
93%
HadesPluto
92%
HermesMercury
85%
HeraJuno
76%
AthenaMinerva
69%
DionysusBacchus
68%
ArtemisDiana
68%
KronosSaturn
67%
HephaestusVulcan
64%
DemeterCeres
47%

Score Distribution

Percentile by Number Answered

Percent of People with Each Score

Your Score History

You have not taken this quiz since the last reset